| 000 | 00820nam a22002177a 4500 | ||
|---|---|---|---|
| 999 |
_c13719 _d13719 |
||
| 008 | 190402b ||||| |||| 00| 0 eng d | ||
| 020 | _a9781118532676 | ||
| 082 |
_22013 _aAV-Eb 909 _bS843 |
||
| 100 |
_aSteven _938136 |
||
| 245 |
_aWorld history : _b a concise thematic analysis / _cSteven, 1st Wallech, Craig Hendricks, Touraj Daryaee, Anne Lynne, 4th Negus, Peter Wan, and Gordon Morris Bakken. |
||
| 250 | _aSecond Editon | ||
| 260 |
_bJohn Wiley & Sons, Incorporated, _c©2013. |
||
| 300 | _a430 pages; | ||
| 500 | _aIncludes index. | ||
| 650 |
_aWorld history. _938137 |
||
| 700 |
_aWallech,1st. _938138 |
||
| 700 |
_aHendricks, Craig . _938139 |
||
| 700 |
_aDaryaee, Touraj. _938140 |
||
| 856 | _yhttps://ebookcentral.proquest.com/lib/uniofmindanao-ebooks/detail.action?docID=1117263 | ||
| 942 |
_2ddc _cEB |
||